Social skills training for adolescents with general moderate learning difficulties (Record no. 159413)
[ view plain ]
| 000 -LEADER | |
|---|---|
| fixed length control field | 01367nam a2200337Ia 4500 |
| 082 04 - DEWEY DECIMAL CLASSIFICATION NUMBER | |
| Classification number | 302.14071 |
| 100 1# - MAIN ENTRY--AUTHOR NAME | |
| Personal name | Cornish, Ursula. |
| 245 10 - TITLE STATEMENT | |
| Title | Social skills training for adolescents with general moderate learning difficulties |
| 260 ## - PUBLICATION, DISTRIBUTION, ETC. (IMPRINT) | |
| Place of publication | London : |
| Name of publisher | Jessica Kingsley Publishers, |
| Year of publication | 2004. |
| 300 ## - PHYSICAL DESCRIPTION | |
| Number of Pages | 128 p. : |
| Other physical details | ill. |
| 500 ## - GENERAL NOTE | |
| General note | Includes index. |
| 650 #0 - SUBJECT ADDED ENTRY--TOPICAL TERM | |
| Topical Term | Asperger's syndrome |
| Topical Term | Learning disabled children |
| Topical Term | Social skills in children |
| 700 1# - ADDED ENTRY--PERSONAL NAME | |
| Personal name | Ross, Fiona, |
| 856 40 - ELECTRONIC LOCATION AND ACCESS | |
| Uniform Resource Identifier | http://site.ebrary.com/lib/rucke/Doc?id=10064498 |
No items available.
